AH International Schools' Libraries

Chicka Chicka 1, 2, 3 (Record no. 48604)

MARC details
000 -LEADER
fixed length control field 00457nam a22001217a 4500
008 - FIXED-LENGTH DATA ELEMENTS--GENERAL INFORMATION
fixed length control field 250317b |||||||| |||| 00| 0 eng d
020 ## - INTERNATIONAL STANDARD BOOK NUMBER
International Standard Book Number 9780689858819
100 ## - MAIN ENTRY--PERSONAL NAME
Personal name Bill Martin Jr. (Author), Michael Sampson (Author), Lois Ehlert (Illustrator)
9 (RLIN) 86127
245 ## - TITLE STATEMENT
Title Chicka Chicka 1, 2, 3
260 ## - PUBLICATION, DISTRIBUTION, ETC. (IMPRINT)
Place of publication, distribution, etc New York, London, Toronto and Sydney
Name of publisher, distributor, etc Simon & Schuster Books for Young Readers
Date of publication, distribution, etc 2004
300 ## - PHYSICAL DESCRIPTION
Extent 40 p
Other physical details col. ill.
Dimensions 8.25 x 0.4 x 10.88 inches
942 ## - ADDED ENTRY ELEMENTS (KOHA)
Source of classification or shelving scheme
Holdings
Withdrawn status Lost status Source of classification or shelving scheme Damaged status Not for loan Collection code Home library Current library Date acquired Total Checkouts Full call number Barcode Date last seen Price effective from Koha item type
          Primary Asian Hope Siem Reap Asian Hope Siem Reap 03/17/2025   E BIL 208183 03/17/2025 03/17/2025 Book

For any Logos Library related questions please contact Miss Art at swongnarasuk@asianhope.org.

For any Asian Hope Library related questions please contact Miss Raza at graza@asianhope.org.

Click here to explore our ebooks!

Powered by Koha